<?xml version="1.0" encoding="UTF-8"?><?xml-stylesheet type="text/xsl" href="static/style.xsl"?><OAI-PMH xmlns="http://www.openarchives.org/OAI/2.0/" xmlns:xsi="http://www.w3.org/2001/XMLSchema-instance" xsi:schemaLocation="http://www.openarchives.org/OAI/2.0/ http://www.openarchives.org/OAI/2.0/OAI-PMH.xsd"><responseDate>2026-06-01T18:57:11Z</responseDate><request verb="GetRecord" identifier="oai:riuma.uma.es:10630/38446" metadataPrefix="marc">https://riuma.uma.es/rest/oai/request</request><GetRecord><record><header><identifier>oai:riuma.uma.es:10630/38446</identifier><datestamp>2026-02-03T11:31:01Z</datestamp><setSpec>com_10630_2254</setSpec><setSpec>col_10630_37953</setSpec></header><metadata><record xmlns="http://www.loc.gov/MARC21/slim" xmlns:dcterms="http://purl.org/dc/terms/" xmlns:doc="http://www.lyncode.com/xoai" xmlns:xsi="http://www.w3.org/2001/XMLSchema-instance" xsi:schemaLocation="http://www.loc.gov/MARC21/slim http://www.loc.gov/standards/marcxml/schema/MARC21slim.xsd">
   <leader>00925njm 22002777a 4500</leader>
   <datafield ind2=" " ind1=" " tag="042">
      <subfield code="a">dc</subfield>
   </datafield>
   <datafield ind2=" " ind1=" " tag="720">
      <subfield code="a">Alonso-Calero, José María</subfield>
      <subfield code="e">author</subfield>
   </datafield>
   <datafield ind2=" " ind1=" " tag="260">
      <subfield code="c">2022-02-16</subfield>
   </datafield>
   <datafield ind2=" " ind1=" " tag="520">
      <subfield code="a">Leviatán es una plataforma interactiva multimodal de carácter reactivo, una interfaz que se propone como modelo para el estudio de la presencia en entornos de interacción física. La propuesta expone la versatilidad del modelo de interacción sobre las versiones Leviatán 1.0 y Leviatán 2.0. Esta versatilidad se refiere al doble modelo abierto, por un lado, como plataforma interactiva multiusuario (usuarios no entrenados en la plataforma) y por otra como instalación performativa para un solo performer (usuario entrenado en la plataforma). Se presentan en este artículo los detalles técnicos de la implementación en Arduino y Processing para controlar sensores de barrera y sónares, proyecciones de imágenes de síntesis y diodos LED, todo ello para detectar la presencia de los usuarios y dar respuesta a la interacción del usuario por medio de actuadores implementados en el interfaz físico.</subfield>
   </datafield>
   <datafield ind1="8" ind2=" " tag="024">
      <subfield code="a">CALERO, J. M. A. . Instalación Leviatán, modelo dual de interacción: Multiusuario y performativa: Leviathan installation, dual model of interaction: Multiuser and performative. Latin American Journal of Development, [S. l.], v. 4, n. 1, p. 232–245, 2022.</subfield>
   </datafield>
   <datafield ind1="8" ind2=" " tag="024">
      <subfield code="a">https://hdl.handle.net/10630/38446</subfield>
   </datafield>
   <datafield ind1="8" ind2=" " tag="024">
      <subfield code="a">10.46814/lajdv4n1-017</subfield>
   </datafield>
   <datafield tag="653" ind2=" " ind1=" ">
      <subfield code="a">Arte y sociedad</subfield>
   </datafield>
   <datafield tag="653" ind2=" " ind1=" ">
      <subfield code="a">Arte - Innovaciones tecnológicas</subfield>
   </datafield>
   <datafield ind2="0" ind1="0" tag="245">
      <subfield code="a">Instalación Leviatán, modelo dual de interacción: multiusuario y performativa.</subfield>
   </datafield>
</record>
</metadata></record></GetRecord></OAI-PMH>